All 100k+ Cities in Egypt on a Map - Statistics

General Stats
  • This quiz has been taken 1,027 times
  • The average score is 15 of 68
Answers on the Map
Answers color-coded by a green-red scale on the quiz's map according to % correct below.
 
Answer Stats
Governorate Answer Population % Correct
ISK Alexandria 5,263,542
96%
QAH Cairo 9,606,916
95%
JIZ Giza 4,367,343
80%
UQS Luxor 268,640
80%
SWS Suez 699,541
80%
BSD Port Said 780,515
74%
ASW Aswan 379,774
66%
QAH New Cairo City 313,139
45%
ASY Asyut 528,669
42%
BAH Hurghada 207,132
41%
JIZ 6th of October City 368,650
40%
DMY Damietta 305,920
40%
ISM Ismailia 429,465
40%
GHB Tanta 576,648
40%
FYM Fayoum 519,047
38%
DQH Mansoura 621,953
36%
QNA Qena 252,883
35%
MTR Mersa Matruh 176,498
30%
SWJ Sohag 266,944
29%
BSW Beni Suef 273,151
28%
SQY 10th of Ramadan City 246,148
27%
SSH Arish 199,243
27%
MNY Minya 283,605
24%
SQY Zagazig 430,445
23%
GHB Mahalla el-Kubra 592,573
22%
BHR Damanhour 318,207
20%
KSH Kafr el-Sheikh 194,569
20%
BHR Rasheed 125,778
20%
QLY Shubra el-Kheima 1,240,289
20%
QLY Banha 182,254
18%
MNY Mallawi 212,628
15%
QLY Qalyub 156,363
12%
MNF Shibin el-Kom 267,945
11%
BHR Idku 177,152
10%
DQH Mit Ghamr 153,754
10%
QLY Obour 138,987
10%
SWJ Girga 151,256
9%
MNY Samalut 142,009
9%
ASW Kom Ombo 116,293
8%
MNF Minuf 125,707
8%
DQH Belqas 137,080
7%
SQY Bilbeis 185,237
7%
KSH Desouk 149,291
7%
BHR Kafr el-Dawar 128,539
7%
SWJ Tahta 134,314
7%
QLY Al-Khusus 488,904
6%
SQY Abu Kabir 154,466
5%
SWJ Akhmim 151,430
5%
BSW Nasser 136,441
5%
DQH Talkha 112,851
5%
MNF Ashmun 124,483
4%
ASY Dayrout 102,570
4%
DQH Dikirnis 101,082
4%
JIZ El Hawamdeya 155,055
4%
DQH El Matareya 162,045
4%
DQH El Senbellawein 124,020
4%
JIZ Kirdasah 137,588
4%
MNY Maghagha 118,223
4%
ASY Manfalut 117,925
4%
FYM Sinnuris 133,532
4%
SWJ Tima 101,130
4%
GHB Zifta 111,700
4%
ASY Abu Tij 105,418
3%
BSW Al Fashn 112,999
3%
SQY Faqus 116,945
3%
DQH Manzala 127,394
3%
ASY Abnub 111,785
2%
MNY Bani Mazar 115,759
2%
No matching quizzes found
Score Distribution
Percent of People with Each Score
Percentile by Number Answered
Your Score History
You have not taken this quiz